La Biblia comentada por los Padres de la Iglesia y otros autores de la época patrística
Збережено в:
| Автор: | |
|---|---|
| Інші автори: | , |
| Формат: | Книга |
| Мова: | Англійська |
| Опубліковано: |
Madrid, España:
Ciudad Nueva,
2018-2023
|
| Редагування: | 2ª edición. |
| Предмети: | |
| Теги: |
Додати тег
Немає тегів, Будьте першим, хто поставить тег для цього запису!
|
MARC
| LEADER | 00000nam a22000007a 4500 | ||
|---|---|---|---|
| 003 | CL-VaPUC | ||
| 005 | 20240425162641.0 | ||
| 008 | 240424i20182023 ||||| |||| 00| 0 eng d | ||
| 999 | |c 443604 |d 443602 | ||
| 020 | |a 978-84-9715-474-1 (v.1) | ||
| 020 | |a 978-84-9715-395-9 (v.1) | ||
| 020 | |a 978-84-9715-342-3 (v.8) | ||
| 040 | |c Pontificia Universidad Católica de Valparaíso | ||
| 082 | 0 | 4 | |a 220 ODE 2020 (v.1) |a 220 ODE 2018 (v.1b) |a 220 ODE 2023 (v.8) |
| 100 | |a Oden, Thomas C. |e editor general |9 593052 | ||
| 245 | 1 | 3 | |a La Biblia comentada por los Padres de la Iglesia y otros autores de la época patrística |
| 250 | |a 2ª edición. | ||
| 260 | |a Madrid, España: |b Ciudad Nueva, |c 2018-2023 | ||
| 300 | |a volúmenes. | ||
| 505 | |a v.1. Antiguo testamento. Génesis 1-11. v.1b. Nuevo testamento. Evangelio según San Mateo (14-28). v.8. Nuevo testamento. Glatas, Efesios, Filipenses. | ||
| 583 | |a last modification |c 20170616 21:05:00 |k GC | ||
| 650 | 0 | |a Antiguo testamento |9 313678 |x Libros sagrados | |
| 650 | 0 | |a Nuevo testamento |9 860744 |x Evangelios | |
| 650 | 0 | |a Biblia |9 257603 | |
| 700 | |a Merino Rodríguez, Marcelo |e director de la edición en castellano |9 877028 | ||
| 700 | |a Elowsky, Joel C. |e preparación obra |9 884887 | ||
| 942 | |c BK |2 ddc | ||
| 952 | |0 0 |1 0 |2 ddc |4 0 |6 220_000000000000000_ODE_2020 |7 0 |8 A |9 594197 |a BIBTEO |b BIBTEO |d 2024-04-24 |e 8 |g 47200.00 |h v.1 |i 5660856 |o 220 ODE 2020 |p 5660856 |r 2025-01-17 |t 1 |v 47200.00 |w 2024-04-24 |y BK |k ICR | ||
| 952 | |0 0 |1 0 |2 ddc |4 0 |6 220_000000000000000_ODE_2018 |7 0 |8 A |9 594199 |a BIBTEO |b BIBTEO |d 2024-04-24 |e 8 |g 47200.00 |h v.1b |i 5660859 |o 220 ODE 2018 |p 5660859 |r 2025-01-17 |t 1 |v 47200.00 |w 2024-04-24 |y BK |k ICR | ||
| 952 | |0 0 |1 0 |2 ddc |4 0 |6 220_000000000000000_ODE_2023 |7 0 |8 A |9 594200 |a BIBTEO |b BIBTEO |d 2024-04-24 |e 8 |g 47200.00 |h v.8 |i 5660857 |l 1 |m 1 |o 220 ODE 2023 |p 5660857 |r 2025-04-14 |s 2025-04-02 |t 1 |v 47200.00 |w 2024-04-24 |y BK |k ICR | ||